Southville International School and Colleges
Your cart is empty.
  • Cart
  • Lists
    Public lists Eva Luna New books Lux_list list_1
    Your lists Log in to create your own lists
  • Log in to your account
  • Your cookies
  • Search history
Southville International School and Colleges
  • Advanced search
  • Recent comments
  • Most popular
  • Libraries

Log in to your account

Log in with GOOGLE


If you do not have an external account, but do have a local account, you can still log in:

  1. Home
  2. MARC view: The Principal as professional development leader /
Normal view MARC view ISBD view

The Principal as professional development leader / (Record no. 290861)

[ view plain ]
MARC details
000 -LEADER
fixed length control field 00896nam a2200301Ia 4500
008 - FIXED-LENGTH DATA ELEMENTS--GENERAL INFORMATION
fixed length control field 160216s9999 xx 000 0 und d
020 ## - INTERNATIONAL STANDARD BOOK NUMBER
International Standard Book Number 0-7619-3908-3
050 ## - LIBRARY OF CONGRESS CALL NUMBER
Classification number MAIN LB 2831.92
050 ## - LIBRARY OF CONGRESS CALL NUMBER
Item number .L56 2004
100 ## - MAIN ENTRY--PERSONAL NAME
Personal name Lindstrom, Phyllis H.
245 #4 - TITLE STATEMENT
Title The Principal as professional development leader /
245 ## - TITLE STATEMENT
Statement of responsibility, etc Phyllis H. Lindstrom, Masha Speck
260 ## - PUBLICATION, DISTRIBUTION, ETC. (IMPRINT)
Place of publication, distribution, etc Thousand Oaks, California :
260 ## - PUBLICATION, DISTRIBUTION, ETC. (IMPRINT)
Name of publisher, distributor, etc Corwin Press.
260 ## - PUBLICATION, DISTRIBUTION, ETC. (IMPRINT)
Date of publication, distribution, etc 2004
300 ## - PHYSICAL DESCRIPTION
Extent 151 pages :
300 ## - PHYSICAL DESCRIPTION
Other physical details ill. ;
300 ## - PHYSICAL DESCRIPTION
Dimensions 26 cm.
500 ## - GENERAL NOTE
General note Includes bibliographical references and index.
650 ## - SUBJECT ADDED ENTRY--TOPICAL TERM
Topical term or geographic name as entry element School improvement programs --
650 ## - SUBJECT ADDED ENTRY--TOPICAL TERM
Topical term or geographic name as entry element School personnel management --
650 ## - SUBJECT ADDED ENTRY--TOPICAL TERM
Topical term or geographic name as entry element School principal --
650 ## - SUBJECT ADDED ENTRY--TOPICAL TERM
Topical term or geographic name as entry element Teachers --
650 ## - SUBJECT ADDED ENTRY--TOPICAL TERM
General subdivision United Staes.
650 ## - SUBJECT ADDED ENTRY--TOPICAL TERM
General subdivision In-service training -- United States.
650 ## - SUBJECT ADDED ENTRY--TOPICAL TERM
General subdivision United States.
650 ## - SUBJECT ADDED ENTRY--TOPICAL TERM
General subdivision United States.
Holdings
Withdrawn status Lost status Damaged status Home library Current library Shelving location Date acquired Cost, normal purchase price Total Checkouts Full call number Barcode Date last seen Price effective from Koha item type
      South Mansfield College South Mansfield College Reserve Section   2.00   MAIN LB 2831.92 .L56 2004 SMC00580 02/16/2016 02/16/2016  

The Principal as professional development leader /

APA

Lindstrom P. H., .The Principal as professional development leader. Thousand Oaks, California: .

Chicago

Lindstrom Phyllis H, .The Principal as professional development leader. Thousand Oaks, California: .

Harvard

Lindstrom P. H., .The Principal as professional development leader. Thousand Oaks, California: .

MLA

Lindstrom Phyllis H, .Thousand Oaks, California: . .

  • Place hold
  • Print
  • Cite
  • Add to your cart (remove)
  • Save record
    BIBTEX Dublin Core MARCXML MARC (non-Unicode/MARC-8) MARC (Unicode/UTF-8) MARC (Unicode/UTF-8, Standard) MODS (XML) RIS
  • More searches
    Search for this title in:
    Other Libraries (WorldCat) Other Databases (Google Scholar) Online Stores (Bookfinder.com) Open Library (openlibrary.org)

Exporting to Dublin Core...

SOUTHVILLE LIBRARY

Southville International School and Colleges Library

1281 Tropical Ave. Cor. Luxembourg St., BF Homes International, Las Pinas City

Tel. No. 8256374 / 252358 Loc. 117/146

Powered by Koha